000 01255cam a22003131 4500
001 gs 42000336
003 DLC
005 20260227111348.0
008 780228s1942 msuab b 000 0 eng c
010 _ags 42000336
035 _a(OCoLC)3677904
040 _aU.S. Geol. Survey. Library
_cOT
_dOCoLC
_dDLC
042 _apremarc
050 0 0 _aQA120
_b.A2 no. 50
082 _a553
110 2 _aMississippi Geological, Economic, and Topographical Survey.
245 1 0 _aTallahatchie County mineral resources: Geology,
_cby Richard Randall Priddy; Tests, by Thomas Edwin McCutcheon.
260 _aUniversity,
_c1942.
300 _a157 p.
_billus., 2 fold. maps., tables.
_c23 cm.
490 1 _aIts Bulletin
_v50
500 _a"Prepared in cooperation with the Tallahatchie County citizens and the WPA as a report on O.P. 65-1-62-137."
500 _aAt head of title: Mississippi State Geological Survey.
504 _a"References": p. 106.
650 0 _aGeology
_zMississippi
_zTallahatchie County.
650 0 _aMines and mineral resources
_zMississippi
_zTallahatchie County.
700 1 _aPriddy, Richard Randall.
700 1 _aMcCutcheon, Thomas Edwin.
810 2 _aMississippi Geological, Economic, and Topographical Survey.
_tBulletin
_v50.
999 _c27855
_d27855